000 00796nam0a22002771 4500
001 RU\NLR\INFOCOMM18\ROSSICA\1000010476
005 20250613185912.0
035 _a(NLR Aleph) 009899674
090 _a10562983
_c10562983
100 _a20030627d1857 |||y0rusy50 ca
101 1 _ager
102 _aRU
105 _ay ||||000ay
200 1 _aReise nach der östlichen Kirgisen-Steppe übersetzt von Dr. Loewe, herausgegeben von G. v. Helmersen
_fWlangali
_gDr. Loewe
_gG. v. Helmersen
210 _aSt.Petersburg
_d1857
215 _d
700 1 _aWlangali
_4070
702 1 _aLoewe
_4730
702 1 _aHelmersen
_bG.v.
_4340
801 1 _aRU
_bInfoComm
_c20030627
801 0 _aRU
_bNLR
_gPSBO
852 _aNLR
_j13.16.1.7
942 _cBOOK
980 _aNB
980 _aRossica